| 000 | 01024nam a2200325Ia 4500 | ||
|---|---|---|---|
| 001 | F6141 | ||
| 003 | IT-RoPAU | ||
| 008 | 130308s9999 xx 000 0 und d | ||
| 040 | _aIT-RoPAU | ||
| 040 | _cIT-RoPAU | ||
| 041 | _aINGLESE | ||
| 100 | _aAA.VV. | ||
| 100 | _gCodice Aut. SPICS: 12000 | ||
| 245 | _aEncyclopedic dictionary of semiotics, tome 3 (Bibliography) | ||
| 245 | _bEncyclopedic Dictionary Of Semiotics, tome 3 (Bibliography) | ||
| 250 | _a2a ed. | ||
| 260 | _aBERLIN/NEW YORK | ||
| 260 | _bMouton De Gruyter | ||
| 260 | _c1994 [1° Ed.:1986 - Ed.Ling.Originale:1986] | ||
| 300 | _a"500 p. (prefazione: 4; testo: 496 [pagine: 0-0])" | ||
| 500 | _aDizionario Enciclopedico di Semiologia: Volume Iii: Bibliografia, con un Supplemento in Appendice. seconda Edizione Riveduta e Ampliata. | ||
| 650 | _aSEMIOLOGIA | ||
| 650 | _eCodice materia Spics: 3251 | ||
| 700 | _aSebeok Thomas A. | ||
| 700 | _gCodice Aut. SPICS: 1388 | ||
| 942 | _cBK | ||
| 957 | _71 | ||
| 999 |
_c66033 _d66033 |
||
| 999 | _bSI | ||
| 999 | _g1 | ||